ბათუმის შოთა რუსთაველის სახელმწიფო უნივერსიტეტის ბიბლიოთეკა

დემოკრატია ამერიკაში (ბიბ.ჩანაწერი № 48191)

000 -LEADER
fixed length control field 00972nam a2200241Ia 4500
001 - CONTROL NUMBER
control field 15073
003 - CONTROL NUMBER IDENTIFIER
control field GE_BSU
008 - FIXED-LENGTH DATA ELEMENTS--GENERAL INFORMATION
fixed length control field 181216s||||||||xx |||||||||||||| ||und||
020 ## - INTERNATIONAL STANDARD BOOK NUMBER
International Standard Book Number 9789941917424
040 ## - CATALOGING SOURCE
Transcribing agency GE_BSU
080 ## - UNIVERSAL DECIMAL CLASSIFICATION NUMBER
Universal Decimal Classification number 321.7(73)
100 ## - MAIN ENTRY--PERSONAL NAME
Personal name ტოკვილი,ალექსის დე
245 ## - TITLE STATEMENT
Title დემოკრატია ამერიკაში
245 ## - TITLE STATEMENT
Statement of responsibility, etc. ფრანგ.თარგმ.დოდო ლაბუჩიძე-ხოფერია.სამეცნ.რედ.თენგიზ ირემაძე და სხვ.
260 ## - PUBLICATION, DISTRIBUTION, ETC.
Place of publication, distribution, etc. თბილისი
260 ## - PUBLICATION, DISTRIBUTION, ETC.
Name of publisher, distributor, etc. გრ.რობაქიძის სახ.უნ-ტის გამ-ბა
260 ## - PUBLICATION, DISTRIBUTION, ETC.
Date of publication, distribution, etc. 2011
300 ## - PHYSICAL DESCRIPTION
Extent 592გვ.29სმ.
300 ## - PHYSICAL DESCRIPTION
Dimensions სახელთა საძიებ.:გვ.585-586
300 ## - PHYSICAL DESCRIPTION
Accompanying material შენიშვნ.გვ.551-584
653 ## - INDEX TERM--UNCONTROLLED
Uncontrolled term დემოკრატია ამერიკაში
942 ## - ADDED ENTRY ELEMENTS (KOHA)
Koha item type წიგნი
ეგზემპლარები
Withdrawn status Lost status Damaged status Not for loan Date acquired Barcode Date last seen Price effective from Koha item type
        2018-12-17 38120 2018-12-17 2018-12-17 წიგნი